000
00358nam a2200133Ia 4500
003
yeezen
005
20240102144644.0
008
180222s9999||||xx |||||||||||||| ||und||
020
_a
978-986-126-979-5
100
_a
林光華
245
0
_c
林光華
_a
脊髓損傷的功能性復健-物理治療的理論與實務指引
260
_c
2014
942
_2
ccl
_c
LNTERM
999
_c
6336
_d
6336